Biggest City in Each Risk Territory - Statistics

General Stats
  • This quiz has been taken 26,545 times
  • The average score is 31 of 42
Answers on the Map
Answers color-coded by a green-red scale on the quiz's map according to % correct below.
 
Answer Stats
Continent Territory Population City % Correct
Europe Great Britain 14.9 m London
98%
North America Eastern United States 22.0 m New York City
97%
Europe Western Europe 11.5 m Paris
97%
North America Western United States 17.2 m Los Angeles
96%
Europe Ukraine 19.1 m Moscow
96%
Asia Japan 41.0 m Tokyo
96%
North America Central America 25.1 m Mexico City
95%
Europe Northern Europe 4.85 m Berlin
94%
Africa Egypt 22.5 m Cairo
93%
Europe Scandinavia 2.28 m Stockholm
92%
South America Argentina 16.7 m Buenos Aires
91%
Asia India 34.6 m Delhi
91%
Europe Iceland 240 k Reykjavík
90%
North America Ontario 7.70 m Toronto
90%
South America Peru 11.8 m Lima
89%
South America Brazil 22.1 m São Paulo
87%
North America Alberta 3.08 m Vancouver
86%
South America Venezuela 10.4 m Bogotá
85%
Oceania Indonesia 29.2 m Jakarta
85%
Oceania Eastern Australia 5.00 m Melbourne
84%
Europe Southern Europe 6.10 m Milan
84%
Asia Mongolia 25.1 m Seoul
84%
Africa South Africa 14.6 m Johannesburg
83%
Oceania Western Australia 2.25 m Perth
83%
Asia Middle East 16.5 m Tehran
82%
Asia Siam 21.2 m Bangkok
81%
Africa North Africa 20.7 m Lagos
80%
North America Quebec 4.43 m Montreal
80%
North America Alaska 287 k Anchorage
75%
Africa Congo 15.6 m Kinshasa
72%
Asia China 70.1 m Guangzhou
65%
Africa East Africa 7.05 m Khartoum
63%
North America Greenland 19.9 k Nuuk
61%
Africa Madagascar 3.05 m Antananarivo
60%
Oceania New Guinea 366 k Port Moresby
54%
Asia Afghanistan 3.78 m Tashkent
42%
Asia Ural 1.86 m Novosibirsk
31%
North America Northwest Territory 24.5 k Whitehorse
29%
Asia Irkutsk 700 k Irkutsk
26%
Asia Yakutsk 380 k Yakutsk
26%
Asia Siberia 1.29 m Krasnoyarsk
14%
Asia Kamchatka 617 k Khabarovsk
9%
No matching quizzes found
Score Distribution
Percent of People with Each Score
Percentile by Number Answered
Your Score History
You have not taken this quiz